| 000 | 004900000a22001210004500 | ||
|---|---|---|---|
| 100 | 1 | _aAlcalde, Jorge | |
| 245 | 1 | 0 | _aLas nuevas armas contra la ansiedad. |
| 300 | _aVol.18, no.210 (2000), p. 24-31 | ||
| 520 | _aDicen los psicólogos que es una de las enfermedades que más crecen en el mundo. La preocupación constante por los problemas diarios pueden amargarnos la vida, pero, afortunadamente tiene cura. | ||
| 650 | 1 | 4 | _aCOMPORTAMIENTO |
| 773 | 0 | _tRevista muy interesante | |
| 942 | _cANA | ||
| 999 |
_c63245 _d63245 |
||